| 000 | 00988cad a22002055a 4500 | ||
|---|---|---|---|
| 001 | L158629 | ||
| 008 | 150515e20150425xxk 000 0 eng d | ||
| 035 | _a(Sirsi) u158629 | ||
| 041 | 0 | _aeng | |
| 100 | 1 | _aWoollam, Charles | |
| 245 | 0 | 2 | _aA guide through the MEES Minefield |
| 260 | _c2015 | ||
| 490 |
_aEstates Gazette _v(1516) 25 April 2015, 76-78(3) |
||
| 520 | _aExamines how landlords of commercial buildings can prepare for the Minimum Energy Efficiency Standard (MEES) which takes effect from 1 April 2018. Under the Energy Efficiency (Private Rented Property) (England and Wales) Regulations 2015 it will not be lawful to grant or renew existing leases of 'substandard' buildings until either sufficient energy efficiency improvements have been made or landlords can show that either MEES does not apply or that they fall within an exemption. | ||
| 590 | _aKA | ||
| 651 | 4 |
_aEngland and Wales _y1543- |
|
| 690 |
_aEnergy _96237 |
||
| 700 | 1 | _aWilliams, Peter | |
| 942 | _n0 | ||
| 999 |
_c84639 _d84639 |
||